000
00272nam a2200109Ia 4500
008
220204s9999 xx 000 0 und d
082
_a
82-3FOR
_b
FOR
100
_a
Forster, E M
245
0
_a
Where angels fear to tread etc
260
_a
London
_b
Heinemann
_c
1978
942
_c
BK
999
_c
30581
_d
30581